Soccer National Teams By Rankings - Statistics

General Stats
  • This quiz has been taken 17 times
  • The average score is 4 of 15
Answer Stats
Hint Answer % Correct
3 Spain
88%
9 Italy
59%
16 USA
41%
19 Mexico
35%
210 San Marino
29%
26 Australia
24%
18 Iran
18%
73 Montenegro
18%
48 Qatar
18%
99 Kosovo
12%
57 South Africa
12%
200 Sri Lanka
6%
138 Suriname
6%
203 Guam
0%
114 Vietnam
0%
No matching quizzes found
Score Distribution
Percent of People with Each Score
Percentile by Number Answered
Your Score History
You have not taken this quiz